|
|
|
|
| LEADER |
02150njm a2200469 a 4500 |
| 001 |
000891320 |
| 003 |
CZ BrMZK |
| 005 |
20080428123426.0 |
| 007 |
sd fsngnnmmned |
| 008 |
080331s2006 xr ||n ? e d |
| 028 |
2 |
1 |
|a CR0358-2-031
|b Radioservis
|
| 040 |
|
|
|a BOA001
|b cze
|
| 048 |
|
|
|a oa01
|
| 048 |
|
|
|a oa01
|b sa01
|
| 100 |
1 |
|
|a Kalach, Jiří,
|d 1934-2008
|7 jn20000728274
|4 cmp
|
| 245 |
1 |
0 |
|a Jiří Kalach
|h [zvukový záznam]
|
| 260 |
|
|
|a Praha :
|b Radioservis ,
|c p2006
|
| 300 |
|
|
|a 1 zvuková deska (57:14) :
|b digital, stereo ;
|c 12 cm
|
| 306 |
|
|
|a 005714
|
| 500 |
|
|
|a Kompaktní deska (ADD)
|
| 505 |
0 |
0 |
|t Předehra na barokní téma --
|t Koncert pro housle a orchestr --
|t Hommage a A. Schweitzer --
|t Koncert pro orchestr
|
| 511 |
0 |
|
|a Martin Válek, housle ; Miluška Kvěchová, varhany. Symfonický orchestr Českého rozhlasu, dirigent Vladimír Válek ; Kühnův smíšený sbor, dirigent Pavel Kühn
|
| 518 |
|
|
|a Nahráno v Českém rozhlase Praha 1993 (1), 1997 (2), živě na abonentním koncertu SOČRu v Rudolfin 1997 (3) a 2001 (4)
|
| 650 |
0 |
4 |
|a předehry (symfonický orchestr)
|
| 650 |
0 |
7 |
|a koncerty (housle, orchestr)
|7 ph333380
|2 czenas
|
| 650 |
0 |
4 |
|a hommage (smíšený sbor, varhany)
|
| 650 |
0 |
7 |
|a koncerty (symfonický orchestr)
|7 ph316484
|2 czenas
|
| 655 |
|
7 |
|a kompaktní desky
|7 fd201991
|2 czenas
|
| 700 |
1 |
2 |
|a Kalach, Jiří,
|d 1934-
|t Předehra na barokní téma
|
| 700 |
1 |
2 |
|a Kalach, Jiří,
|d 1934-
|t Koncerty,
|m housle, orchestr
|
| 700 |
1 |
2 |
|a Kalach, Jiří,
|d 1934-
|t Hommage a A. Schweitzer
|
| 700 |
1 |
2 |
|a Kalach, Jiří,
|d 1934-
|t Koncerty,
|m orchestr
|
| 700 |
1 |
|
|a Válek, Martin,
|d 1970-
|7 jn20011018174
|4 itr
|
| 700 |
1 |
|
|a Kvěchová, Miluška,
|d 1947-2000
|7 jx20060802001
|4 itr
|
| 700 |
1 |
|
|a Kühn, Pavel,
|d 1938-2003
|7 jn19990009906
|4 cnd
|
| 700 |
1 |
|
|a Válek, Vladimír,
|d 1935-2025
|7 jn19981002376
|4 cnd
|
| 710 |
2 |
|
|a Kühnův smíšený sbor
|7 ko2003164871
|
| 710 |
2 |
|
|a Symfonický orchestr Českého rozhlasu
|7 kn20030215002
|
| 910 |
|
|
|a BOA001
|b CD-0014.431
|
| 990 |
|
|
|a AV
|
| 991 |
|
|
|b 200804
|
| 996 |
6 |
|
|b 261H015967
|c CD-0014.431
|l MZK
|r Sklad / do 24 hodin
|n 0
|w 000891320
|u 000010
|a 1
|e BOA001
|j MZK50
|s P
|